Grundlagen eines europaischen Vertragrechts

Uloženo v:
Podrobná bibliografie
Hlavní autor: Arnold, Stefan (Autor)
Médium: Kniha
Jazyk:němčina
Vydáno: Múnich SELP 2014
Vydání:1a. ed
Témata:
Tagy: Přidat tag
Žádné tagy, Buďte první, kdo vytvoří štítek k tomuto záznamu!

MARC

LEADER 00000cam a2200000 a 4500
001 UCD1471
003 CL-VaPUC
008 160310e20140000gw |||||||||||||||||ger|d
020 |a 9783866532366 
082 0 4 |a 341.2422  |b ARN  |2 21 
100 0 |a Arnold, Stefan  |e author  |9 584558 
245 1 0 |a Grundlagen eines europaischen Vertragrechts 
250 |a 1a. ed 
300 |a 168 p 
942 |c BK 
945 |d 20160310 23:10:00  |a dcastane 
260 |a Múnich  |b SELP  |c 2014 
650 7 |a FUENTES DEL DERECHO INTERNACIONAL  |2 CL-VaPUC  |9 503299 
650 0 |a Derecho europeo  |9 391498 
650 0 |a Contratos  |9 255153 
583 |a last modification  |c 20160310 23:10:00  |k Rodrigo Vera 
999 |c 362776  |d 362774 
952 |0 0  |1 0  |3 erb  |4 0  |6 341_242200000000000_ARN_2014  |7 0  |8 A  |9 474256  |a BIBDER  |b BIBDER  |i 5266149  |o 341.2422 ARN 2014  |p 5266149  |r 2023-01-25  |w 2019-11-24  |y BK  |z Catalogado en:20160310  |k DER 
952 |0 0  |1 0  |3 erb  |4 0  |6 341_242200000000000_ARN_2014  |7 0  |8 A  |9 474257  |a BIBDER  |b BIBDER  |i 5266157  |o 341.2422 ARN 2014  |p 5266157  |r 2023-01-25  |w 2019-11-24  |y BK  |z Catalogado en:20160310  |k DER